[Event "Miedzywojewodzkie Mistrzostwa Juniorow O"]
[Site "Pokrzywna"]
[Date "2025.??.??"]
[Round "8.4"]
[White "Reterski, Wiktor"]
[Black "Sawinski, Franciszek"]
[Result "1/2-1/2"]
[WhiteElo "1775"]
[BlackElo "1690"]
[PlyCount "162"]
[EventDate "2025.??.??"]

1. e4 d5 2. exd5 Qxd5 3. Nc3 Qd6 4. d4 Nf6 5. Bd3 a6 6. Nge2 Nc6 7. Bf4 Qd8 8.
O-O g6 9. Ne4 Bg7 10. Nxf6+ exf6 11. c3 O-O 12. Qd2 Ne7 13. Bh6 Bxh6 14. Qxh6
Bf5 15. Bxf5 Nxf5 16. Qf4 Qd6 17. Rfe1 Rfe8 18. Qxd6 Nxd6 19. Nf4 c6 20. Nd3
Rxe1+ 21. Rxe1 Re8 22. Rxe8+ Nxe8 23. Nc5 Nd6 24. Nd7 f5 25. Kf1 Kg7 26. Ke2 f6
27. Kd3 Kf7 28. Nc5 a5 29. f3 b6 30. Na4 b5 31. Nc5 Ke7 32. b3 h5 33. c4 g5 34.
a4 bxc4+ 35. bxc4 g4 36. Nb3 Nb7 37. Ke3 Kf7 38. Kf4 Kg6 39. d5 c5 40. g3 Kf7
41. fxg4 fxg4 42. Ke4 Nd6+ 43. Kd3 Nb7 44. Nd2 f5 45. Ke3 Kf6 46. Nb3 Kg5 47.
Nd2 Nd6 48. Nb3 Nxc4+ 49. Ke2 Nb6 50. d6 c4 51. Nc5 Kf6 52. Ke3 Kf7 53. Ke2 Ke8
54. Ke3 Kd8 55. Kd4 Nc8 56. Kxc4 Nxd6+ 57. Kd4 Kc7 58. Kd5 Nc8 59. Ne6+ Kd7 60.
Nc5+ Ke7 61. Ke5 Nd6 62. Nb3 Ne4 63. Kxf5 Nc3 64. Kg5 Nxa4 65. Nxa5 Ke6 66. Nc4
Kd5 67. Nd2 Ke5 68. Kxh5 Kf5 69. Nc4 Nc5 70. Ne3+ Ke4 71. Nxg4 Kf3 72. Kh4 Kg2
73. Kh5 Ne4 74. Kh4 Kf3 75. Ne5+ Kg2 76. Ng4 Kf3 77. Ne5+ Kg2 78. Nc4 Kxh2 79.
g4 Kg2 80. Nd2 Nxd2 81. g5 Nf3+ 1/2-1/2

[Event "Miedzywojewodzkie Mistrzostwa Juniorow O"]
[Site "Pokrzywna"]
[Date "2025.??.??"]
[Round "8.5"]
[White "Kieca, Szymon"]
[Black "Buczek, Igor"]
[Result "1-0"]
[WhiteElo "1516"]
[BlackElo "1535"]
[PlyCount "117"]
[EventDate "2025.??.??"]

{[%evp 0,117,16,28,46,57,123,96,76,64,74,58,58,53,18,11,49,22,34,34,37,0,47,24,
62,77,77,68,75,44,90,70,81,64,165,146,198,189,276,289,289,228,232,154,130,130,
135,123,131,97,146,59,88,88,103,96,98,96,125,114,142,135,143,143,153,103,104,
109,126,123,149,121,156,148,170,145,147,165,186,218,211,221,267,199,220,235,
381,437,498,491,1073,1168,1168,1168,1160,1218,1261,1312,1385,1813,1954,1954,
1954,1946,1954,1954,29979,29984,29987,29990,29991,29988,29989,29988,29989,
29990,29995,29996,29997,29998]} 1. e4 c5 2. Nf3 g6 3. Bc4 Bg7 4. O-O d6 5. d4
cxd4 6. c3 Nf6 7. Re1 O-O 8. cxd4 Nc6 9. Nc3 Bg4 10. Be2 a6 11. Be3 Qc7 12. Rc1
Qd7 13. Qb3 b5 14. Red1 Qe8 15. Nd5 Nxd5 16. Qxd5 Na7 17. Rc7 Be6 18. Qb7 d5
19. exd5 Bf5 20. Rxe7 Qc8 21. Qxc8 Nxc8 22. Rc7 Be4 23. Rc5 Rd8 24. Ne5 Bxd5
25. Bf3 Bxf3 26. Nxf3 Ne7 27. h3 Nf5 28. g4 Nxe3 29. fxe3 Rac8 30. Rdc1 Rxc5
31. Rxc5 Rd6 32. Ne5 Bxe5 33. Rxe5 Rf6 34. Kg2 Kg7 35. h4 Rc6 36. Rc5 Rd6 37.
b4 Kf6 38. Kf3 h6 39. g5+ hxg5 40. hxg5+ Ke6 41. Kf4 Kd7 42. d5 f5 43. Ke5 Rb6
44. Rc6 Rxc6 45. dxc6+ Kxc6 46. Kf6 Kd5 47. Kxg6 Ke4 48. Kf6 Kxe3 49. Kxf5 Kd4
50. g6 Kc4 51. g7 Kxb4 52. g8=Q a5 53. Ke4 a4 54. Kd4 Ka3 55. Kc3 b4+ 56. Kc2
b3+ 57. axb3 Ka2 58. bxa4+ Ka1 59. Qb8 1-0

[Event "Miedzywojewodzkie Mistrzostwa Juniorow O"]
[Site "Pokrzywna"]
[Date "2025.??.??"]
[Round "8.6"]
[White "Tendera, Jan"]
[Black "Swiderski, Lukasz"]
[Result "1/2-1/2"]
[WhiteElo "1473"]
[BlackElo "1578"]
[PlyCount "137"]
[EventDate "2025.??.??"]

1. d4 d5 2. c4 e6 3. Nf3 Nf6 4. g3 c6 5. Bg2 Be7 6. O-O O-O 7. Nbd2 Nbd7 8. b3
b6 9. Re1 c5 10. Qc2 Bb7 11. Bb2 Ne4 12. Nxe4 dxe4 13. Nd2 Nf6 14. dxc5 Bxc5
15. Nxe4 Bxe4 16. Bxe4 Rb8 17. Rad1 Qe7 18. e3 e5 19. Re2 Bb4 20. Bg2 Rfe8 21.
Bc3 Bc5 22. Red2 Ng4 23. Qe4 Qg5 24. Rd3 Qh5 25. h3 Nf6 26. Qc6 e4 27. R3d2
Rbc8 28. Qb5 Qg5 29. Kh2 Qh5 30. Bxf6 gxf6 31. b4 a6 32. Qa4 Be7 33. Bxe4 Bxb4
34. Bxh7+ Kxh7 35. Qxb4 Qf3 36. Qc3 b5 37. Qd3+ f5 38. cxb5 Rcd8 39. Qf1 Rxd2
40. Rxd2 Rxe3 41. Qg2 Qxg2+ 42. Kxg2 Re6 43. bxa6 Rxa6 44. h4 Kg6 45. Kh3 Ra3
46. Kg2 Kh5 47. f3 Ra4 48. Kh3 Ra3 49. Rf2 f6 50. Kh2 f4 51. Kh3 Ra4 52. gxf4
Rxf4 53. Kg3 Ra4 54. Rc2 f5 55. Rh2 f4+ 56. Kh3 Ra3 57. Rf2 Re3 58. a4 Ra3 59.
Re2 Rxf3+ 60. Kg2 Rg3+ 61. Kf2 Kxh4 62. Ra2 f3 63. Kf1 Kh3 64. a5 f2 65. Rxf2
Ra3 66. Rf5 Kg4 67. Rb5 Kf3 68. Rb1 Ke3 69. Ke1 1/2-1/2

[Event "Miedzywojewodzkie Mistrzostwa Juniorow O"]
[Site "Pokrzywna"]
[Date "2025.??.??"]
[Round "8.7"]
[White "Ekiert, Szymon"]
[Black "Jagoda, Mikolaj"]
[Result "1-0"]
[WhiteElo "1478"]
[BlackElo "1552"]
[PlyCount "65"]
[EventDate "2025.??.??"]

{[%evp 0,65,19,31,47,50,24,17,50,45,51,42,57,57,44,61,39,52,34,47,29,21,28,11,
9,18,31,-1,-4,-11,12,12,169,232,232,232,232,232,270,253,313,333,927,989,708,
941,927,955,955,940,967,983,996,1035,1018,737,767,775,1369,1461,29993,1427,
29993,29994,29997,29998,29999,-30000]} 1. e4 e6 2. Nf3 d5 3. Nc3 dxe4 4. Nxe4
Nd7 5. d4 Ngf6 6. Nxf6+ Nxf6 7. Bd3 Bd7 8. O-O c5 9. dxc5 Bxc5 10. Qe2 Qc7 11.
Bg5 h6 12. Bh4 Nh5 13. Ne5 Nf4 14. Qe4 Nxd3 15. cxd3 f5 16. Qe2 O-O 17. Rac1 g5
18. d4 gxh4 19. Rxc5 Qd6 20. Qh5 Qxd4 21. Qg6+ Kh8 22. Qxh6+ Kg8 23. Qg6+ Kh8
24. Rc4 Qxc4 25. Nxc4 Bb5 26. Qh5+ Kg7 27. Qxh4 Rac8 28. b3 Rh8 29. Qe7+ Kg6
30. Qxe6+ Kg5 31. f4+ Kg4 32. Qg6+ Kh4 33. Qg5# 1-0